000 00279nam a22001217a 4500
008 181029b xxu||||| |||| 00| 0 eng d
041 _aeng
080 _a910
100 _a42
101 _aGJEO
245 _aNational Geographic Atlas of the Ocean
_cEarle, S.A
942 _2udc
_cBK
999 _c51023
_d51023